000 nam a22 7a 4500
999 _c9510
_d9510
008 180201b ||||| |||| 00| 0 eng d
100 _aRaman
_95696
245 _aMy window to computer learning -V
260 _aNew Delhi
_bBrainwaves Information Publication
_c2007